00845nam a22001337a 4500008004100000050000800041245011800049260004000167300002600207440009400233500002000327505034700347700001700694181107b xxu||||| |||| 00| 0 eng d aREF aGhana Monthly Judgements: law report of Superior Courts of Ghana: March, 2018: part 118. /cedited by Kwame Gyan. aAccra :bLegalpoint Limited,c2018. axxv, 261 p. :c22 cm. aGhana monthly judgements: law report of Superior Courts of Ghana: March, 2018: part 118.  aIncludes index. aContents: Citation -- Index of cases reported -- Index of Ghanaian cases referred to in this report -- Index of foreign cases referred to in this report -- Index of statutes referred to in this report -- Monographs referred to in this report -- Rules of court referred to in this report -- Index of subject-matter referred to in this report.  aGyan, Kwame.